Turrialba: Producción agropecuaria, rama de actividad, empleo, ingresos, migración estacional, inmigración

Guardado en:
書目詳細資料
企業作者: Instituto de Fomento y Asesoría Municipal (Costa Rica)
格式: Texto
出版: San José :
主題:
標簽: 添加標簽
沒有標簽, 成為第一個標記此記錄!

MARC

LEADER 00000 a a2200000 04500
001 15184
003
040
090 |a 001500  
110 |a Instituto de Fomento y Asesoría Municipal (Costa Rica)  
245 |a Turrialba: Producción agropecuaria, rama de actividad, empleo, ingresos, migración estacional, inmigración  
260 |a San José :  
300 |a 12 p  
650 |a TURRIALBA, CCA  
650 |a PRODUCCION AGROPECUARIA  
650 |a SECTORES DE LA ECONOMIA  
650 |a EMPLEO  
650 |a INGRESO AGRICOLA  
650 |a MIGRACION  
650 |a INMIGRACION  
999 |c 10202  |d 10202